Countries bordering soviet union 1943 - Statistics

General Stats
  • This quiz has been taken 41 times
  • The average score is 7 of 9
Answer Stats
Hint Answer % Correct
Winter war Finland
97%
Main enemy Germany
90%
They wanted part of it Iran
83%
Kebab, meatballs, Etc Turkey
83%
Rebulic of ***** China
80%
Helped Germany Romania
77%
Empire Japan
73%
Large empire Mongolia
63%
Holy cows India
60%
No matching quizzes found
Score Distribution
Percent of People with Each Score
Percentile by Number Answered
Your Score History
You have not taken this quiz